Movies Quiz

Random Movies or Play Quiz
Score 0/40 Timer 08:00
1 Play Today
Movie Protagonist % Correct
GreaseJohn Travolta & Olivia Newton-John
91.3%
Mean GirlsLindsay Lohan
84.6%
FootlooseKevin Bacon/Kenny Wormald
76.9%
Ferris Bueller's Day OffMatthew Broderick
72.7%
Sixteen CandlesMolly Ringwald
71.8%
JunoEllen Page
71.6%
Never Been KissedDrew Barrymore
70.1%
17 AgainZac Efron
68.8%
CluelessAlicia Silverstone
67.7%
Teen WolfMichael J. Fox
66.3%
SuperbadJonah Hill & Michael Cera
66.1%
Rebel Without a CauseJames Dean
65.9%
Easy AEmma Stone
65.8%
Bill & Ted's Excellent AdventureAlex Winter & Keanu Reeves
65.1%
Bring It OnKirsten Dunst
58.1%
Donnie DarkoJake Gyllenhaal
56.3%
ScreamNeve Campbell
52.7%
CarrieSissy Spacek
52.5%
Remember the TitansDenzel Washington
51.4%
American PieJason Biggs
49.7%
Movie Protagonist % Correct
Napoleon DynamiteJon Heder
48%
I Know What You Did Last SummerJennifer Love Hewitt
47.1%
Cry-BabyJohnny Depp
46.2%
HeathersWinona Ryder
42.2%
The Basketball DiariesLeonardo DiCaprio
40%
Varsity BluesJames Van der Beek
39.8%
Mr. Holland's OpusRichard Dreyfuss
36.8%
School TiesBrendan Fraser
35.1%
HoosiersGene Hackman
35%
Dangerous MindsMichelle Pfeiffer
33.1%
All the Right MovesTom Cruise
29.9%
Better Off DeadJohn Cusack
28%
RushmoreJason Schwartzman
22.5%
To Sir, with LoveSidney Poitier
22.4%
Buffy the Vampire SlayerKristy Swanson
20.9%
Stand and DeliverEdward James Olmos
20.8%
LucasCorey Haim
20.1%
Encino ManSean Astin
19%
Can't Hardly WaitEthan Embry
13.2%
Some Kind of WonderfulEric Stoltz
12.9%

You're not logged in!

Compare scores with friends on all Sporcle quizzes.
OR
Log In

Sporcle TV

Today on Sporcle TV


Watch our educational content, quiz creation guides, and fun videos on Sporcle TV.

Show Comments

Extras

Top Quizzes Today


Score Distribution

Paid Content

Your Account Isn't Verified!

In order to create a playlist on Sporcle, you need to verify the email address you used during registration. Go to your Sporcle Settings to finish the process.

Report this User

Report this user for behavior that violates our Community Guidelines.

Details: